Statistics for King Gizzard and the Lizard Wizard Albums

Click here to take the quiz!

General Stats

  • This quiz has been taken 12 times
  • The average score is 14 of 16

Answer Stats

Release YearAlbum Name% Correct
2019Fishing for Fishies
100%
2017Flying Microtonal Banana
100%
2017Gumboot Soup
100%
2019Infest the Rats' Nest
100%
201212 Bar Bruise
91%
2014I'm in Your Mind Fuzz
91%
2016Nonagon Infinity
91%
2014Oddments
91%
2013Eyes Like the Sky
82%
2017Murder of the Universe
82%
2015Paper Mache Dream Balloon
82%
2017Polygondwanaland
82%
2017Sketches of Brunswick East
82%
2013Float Along Fill Your Lungs
73%
2015Quarters
73%
2020Chunky Shrapnel
36%

Score Distribution

Percentile by Number Answered

Percent of People with Each Score

Your Score History

You have not taken this quiz